| 000 | 00767cam a22001814a 4500 | ||
|---|---|---|---|
| 020 | _a1403987645 (cloth) | ||
| 020 |
_a9781403987648 _c(cloth) |
||
| 050 | 0 | 0 |
_aRC112 _b.H35 2006 |
| 100 | 1 |
_aHäusler, Thomas, _d1968- |
|
| 245 | 1 | 0 |
_aViruses vs. superbugs : _ba solution to the antibiotics crisis? / _cThomas Häusler ; translated by Karen Leube. |
| 260 |
_aLondon [UK] ; _aNew York [USA] : _bMacmillan, _c2006. |
||
| 300 | _axiv, 292 p. : | ||
| 500 | _aIncludes bibliographic references and index. | ||
| 650 |
_xBacterial diseases -- Alternative treatment ; _xBacterial diseases -- Treatment. |
||
| 856 | 4 | 2 | _uhttp://www.loc.gov/catdir/enhancements/fy0626/2005056481-b.html |
| 856 | 4 | 2 | _uhttp://www.loc.gov/catdir/enhancements/fy0626/2005056481-d.html |
| 942 |
_2lcc _cGEN |
||
| 999 |
_c8554 _d8554 |
||